000 00313nam a22001217a 4500
008 230621b xxu||||| |||| 00| 0 eng d
082 _a328.06
_bIPU
100 _cIPU
245 _a109th IPU Assembly and Related Meetings
_bResults of Proceedings
260 _aGeneva
_bIPU
_c2003
300 _a119p
942 _2ddc
_cBK
999 _c2008
_d2008